000 002820000a22000970004500
100 1 _aWright, David F.
245 1 0 _aThe reform of the church and women's ministry
300 _aVol. 9, Num. 2 (1991), Páginas 77-79
773 0 _tScottish Bulletin of Evangelical Theology
942 _cANA
999 _c55687
_d55687